Statistics for Most Boring Cities in the World

Click here to take the quiz!

General Stats

  • This quiz has been taken 94 times
  • The average score is 5 of 9

Answer Stats

HintAnswer% Correct
SwitzerlandZurich
73%
CanadaOttawa
71%
AustraliaCanberra
70%
MoroccoCasablanca
69%
BahamasNassau
67%
GermanyFrankfurt
65%
JapanNagoya
39%
EcuadorGuayaquil
32%
U.S.AAtlanta
31%

Score Distribution

Percentile by Number Answered

Percent of People with Each Score

Your Score History

You have not taken this quiz